000 00892nam a2200277 a 4500
001 67234
003 BD-RjUL
005 20211209081629.0
008 170323s1958 nyub b 001 0 eng d
035 _a(BD-RjUL) 67365
040 _aDLC
_cDLC
_dBD-RjUL
_beng
041 _aeng
082 0 0 _a551.46
_223
_bWAL 1958
100 1 _aWalford, Lionel Albert
_d1905-
_9199198
245 1 0 _aLiving resources of the sea;
_bopportunities for research and expansion /
260 _aNew York :
_bRonald Press Co. :
_cc1958.
300 _axv, 321 p. :
_bill. ;
_c24 cm.
504 _a"Notes and references": p. 297-307.
650 0 _aMarine resources
_xResearch.
_9199200
650 0 _aOceanography
_xResearch.
_9199201
650 0 _aMarine biology.
_9199202
856 _3A Conservation Foundation study
942 _2ddc
_cBK
999 _c67234
_d67234